| 000 | 01234cam a22003857a 4500 | ||
|---|---|---|---|
| 001 | 000005274 | ||
| 003 | CHAP | ||
| 005 | 20220329133338.0 | ||
| 008 | 971013s r 00010 d | ||
| 010 | _a5220 | ||
| 011 | _a6192 | ||
| 035 | _a5412 | ||
| 040 | _cCHAP | ||
| 090 | _aFolleto 13757 | ||
| 100 | 0 | 0 |
_aRivera Díaz, Jorge Manuel. _997631 |
| 245 | 1 | 0 |
_aNotas y ejercicios sobre clasificación de suelos : _b: génesis, morfología y clasificación de suelos. |
| 260 |
_aChapingo, Méx. : _bUACH, _c[197?]. |
||
| 300 | _a96 p. | ||
| 490 | 1 | _aSerie apuntes | |
| 590 |
_aBATCH-UPD _b10 _c20130109 _lUCH01 _h2320 |
||
| 590 |
_aBATCH-UPD _b10 _c20130110 _lUCH01 _h2009 |
||
| 590 |
_aBATCH-UPD _b10 _c20130409 _lUCH01 _h1843 |
||
| 590 |
_aBATCH-UPD _b10 _c20130410 _lUCH01 _h1328 |
||
| 590 |
_aBATCH-UPD _b10 _c20130914 _lUCH01 _h2005 |
||
| 590 |
_aCONVERSION _b10 _c20130109 _lUCH01 _h1304 |
||
| 590 |
_aE5995AHE _b05 _c20150211 _lUCH01 _h1151 |
||
| 650 | 1 | 4 |
_aSuelos _xClasificación. _9110239 |
| 650 | 1 | 4 |
_aSuelos _xComposición. _9110280 |
| 650 | 1 | 4 |
_aSuelos _xInvestigación. _9110405 |
| 830 | 0 |
_aSerie apuntes _9104599 |
|
| 901 | _aBK | ||
| 942 | _cFOLL | ||
| 942 | _n0 | ||
| 949 |
_aFolleto 13757 _bBC _cUACH _d-14992 _eUACH _i5412 _si |
||
| 999 |
_c5220 _d5220 |
||